[Event "XIX Najdorf Memorial 2019"]
[Site "Warsaw"]
[Date "2019.07.11"]
[Round "6.10"]
[White "Krasiewicz, Robert"]
[Black "Fus, Jakub"]
[Result "0-1"]
[WhiteElo "2017"]
[BlackElo "2341"]
[Annotator "NA"]
[PlyCount "76"]
[EventDate "2019.07.06"]
[EventType "swiss"]
[EventCountry "POL"]
[SourceTitle "playchess.com"]
[Source "ChessBase"]
[SourceQuality "1"]
[TimeControl "40/5400+30:1800+30"]

1. c4 {[%emt 0:00:00]} Nf6 {[%emt 0:00:00]} 2. g3 {[%emt 0:00:00]} e6 {[%emt 0:00:13]} 3. Bg2 {[%emt 0:00:00]} d5 {[%emt 0:00:20]} 4. Nf3 {[%emt 0:00:00]} dxc4 {[%emt 0:00:30]} 5. Qa4+ {[%emt 0:00:00]} c6 {[%emt 0:00:18]} 6. Qxc4 {[%emt 0:00:19]} b5 {[%emt 0:00:37]} 7. Qb3 {[%emt 0:01:45]} Bb7 {[%emt 0:00:39]} 8. d4 {[%emt 0:00:41]} Nbd7 {[%emt 0:00:54]} 9. a4 {[%emt 0:01:27]} a6 {[%emt 0:02:14]} 10. O-O {[%emt 0:00:54]} Be7 {[%emt 0:05:48]} 11. Rd1 {[%emt 0:04:29]} O-O {[%emt 0:04:04]} 12. e3 {[%emt 0:13:59]} Qb6 {[%emt 0:03:45]} 13. Nc3 {[%emt 0:00:43]} b4 {[%emt 0:09:13]} 14. a5 {[%emt 0:11:44]} Qc7 {[%emt 0:00:48]} 15. Ne2 {[%emt 0:01:31]} c5 {[%emt 0:00:46]} 16. dxc5 {[%emt 0:00:53]} Rab8 {[%emt 0:09:50]} 17. Nfd4 {[%emt 0:17:38]} Nxc5 {[%emt 0:01:48]} 18. Qc4 {[%emt 0:00:40]} Bxg2 {[%emt 0:02:22]} 19. Kxg2 {[%emt 0:00:03]} Qb7+ {[%emt 0:00:19]} 20. f3 {[%emt 0:03:34]} Rfc8 {[%emt 0:13:25]} 21. Bd2 {[%emt 0:00:52]} e5 {[%emt 0:01:00]} 22. Nf5 {[%emt 0:01:56]} e4 {[%emt 0:06:21]} 23. f4 {[%emt 0:01:19]} Bf8 {[%emt 0:01:15]} 24. h3 {[%emt 0:08:15]} Nd3 {[%emt 0:03:30]} 25. Qb3 {[%emt 0:00:08]} Qd5 {[%emt 0:04:23]} 26. Qxd5 {[%emt 0:05:46]} Nxd5 {[%emt 0:00:48]} 27. b3 {[%emt 0:00:34]} Nc3 {[%emt 0:01:15]} 28. Bxc3 {[%emt 0:01:34]} bxc3 {[%emt 0:00:17]} 29. Nfd4 {[%emt 0:00:15]} Bc5 {[%emt 0:00:59]} 30. Nc1 {[%emt 0:02:56]} Bxd4 {[%emt 0:00:36]} 31. exd4 {[%emt 0:00:20]} c2 {[%emt 0:03:43]} 32. Rd2 {[%emt 0:02:28]} Rc3 {[%emt 0:00:55]} 33. Kf1 {[%emt 0:01:03]} f5 {[%emt 0:00:38]} 34. Ke2 {[%emt 0:00:26]} Kf7 {[%emt 0:00:36]} 35. Kf1 {[%emt 0:04:34]} Rbc8 {[%emt 0:01:22]} 36. Rh2 {[%emt 0:03:13]} Ke6 {[%emt 0:01:02]} 37. Ke2 {[%emt 0:01:23]} Nxc1+ {[%emt 0:03:04]} 38. Rxc1 {[%emt 0:00:05]} Rxb3 {[%emt 0:00:04]} 0-1

[Event "XIX Najdorf Memorial 2019"]
[Site "Warsaw"]
[Date "2019.07.11"]
[Round "6.11"]
[White "Popovic, Dusan"]
[Black "Mosesov, Danylo"]
[Result "1/2-1/2"]
[WhiteElo "2487"]
[BlackElo "2353"]
[Annotator "ChessBase"]
[PlyCount "41"]
[EventDate "2019.07.06"]
[EventType "swiss"]
[EventCountry "POL"]
[SourceTitle "playchess.com"]
[Source "ChessBase"]
[SourceQuality "1"]
[TimeControl "40/5400+30:1800+30"]

1. d4 {[%emt 0:00:00]} Nf6 {[%emt 0:01:46]} 2. Nf3 {[%emt 0:00:00]} b6 {[%emt 0:00:02]} 3. Bf4 {[%emt 0:00:03]} Bb7 {[%emt 0:00:04]} 4. e3 {[%emt 0:00:13]} g6 {[%emt 0:01:52]} 5. h3 {[%emt 0:00:20]} Bg7 {[%emt 0:00:05]} 6. Be2 {[%emt 0:00:04]} O-O {[%emt 0:00:14]} 7. O-O {[%emt 0:01:28]} d6 {[%emt 0:00:26]} 8. a4 {[%emt 0:01:20]} Nfd7 {[%emt 0:03:22]} 9. a5 {[%emt 0:01:00]} bxa5 {[%emt 0:01:12]} 10. Nbd2 {[%emt 0:18:27]} c5 {[%emt 0:07:08]} 11. Nb3 {[%emt 0:07:43]} a4 {[%emt 0:02:51]} 12. Rxa4 {[%emt 0:00:43]} Nb6 {[%emt 0:00:13]} 13. Ra1 {[%emt 0:01:46]} cxd4 {[%emt 0:00:39]} 14. exd4 {[%emt 0:00:47]} Bd5 {[%emt 0:01:46]} 15. Na5 {[%emt 0:15:33]} Nc6 {[%emt 0:02:39]} 16. Nxc6 {[%emt 0:00:15]} Bxc6 {[%emt 0:00:04]} 17. c4 {[%emt 0:00:11]} a5 {[%emt 0:03:24]} 18. b3 {[%emt 0:08:43]} Re8 {[%emt 0:05:30]} 19. Ra2 {[%emt 0:02:25]} a4 {[%emt 0:12:23]} 20. b4 {[%emt 0:04:01]} Rc8 {[%emt 0:02:32]} 21. d5 {[%emt 0:18:35]} 1/2-1/2

[Event "XIX Najdorf Memorial 2019"]
[Site "Warsaw"]
[Date "2019.07.11"]
[Round "6.11"]
[White "Dzida, Kamil"]
[Black "Paszewski, Mateusz"]
[Result "0-1"]
[WhiteElo "1987"]
[BlackElo "2324"]
[Annotator "NA"]
[PlyCount "60"]
[EventDate "2019.07.06"]
[EventType "swiss"]
[EventCountry "POL"]
[SourceTitle "playchess.com"]
[Source "ChessBase"]
[SourceQuality "1"]
[TimeControl "40/5400+30:1800+30"]

1. e4 {[%emt 0:00:00]} c5 {[%emt 0:03:48]} 2. Nf3 {[%emt 0:00:00]} Nc6 {[%emt 0:00:04]} 3. d4 {[%emt 0:00:00]} cxd4 {[%emt 0:00:03]} 4. Nxd4 {[%emt 0:00:04]} g6 {[%emt 0:00:03]} 5. Nc3 {[%emt 0:00:18]} Bg7 {[%emt 0:00:03]} 6. Be3 {[%emt 0:00:08]} Nf6 {[%emt 0:00:05]} 7. Bc4 {[%emt 0:02:09]} O-O {[%emt 0:00:22]} 8. Bb3 {[%emt 0:00:04]} a6 {[%emt 0:04:55]} 9. f3 {[%emt 0:07:53]} Qc7 {[%emt 0:00:07]} 10. Qd2 {[%emt 0:01:12]} b5 {[%emt 0:00:15]} 11. O-O-O {[%emt 0:01:01]} Bb7 {[%emt 0:00:08]} 12. h4 {[%emt 0:03:23]} h5 {[%emt 0:00:22]} 13. g4 {[%emt 0:07:47]} e6 {[%emt 0:00:18]} 14. g5 {[%emt 0:13:23]} Ne8 {[%emt 0:04:52]} 15. Kb1 {[%emt 0:02:31]} Nxd4 {[%emt 0:18:12]} 16. Bxd4 {[%emt 0:00:04]} Bxd4 {[%emt 0:00:04]} 17. Qxd4 {[%emt 0:00:05]} Bc6 {[%emt 0:00:04]} 18. Rhf1 {[%emt 0:11:08]} a5 {[%emt 0:24:58]} 19. a4 {[%emt 0:02:43]} bxa4 {[%emt 0:00:54]} 20. Nxa4 {[%emt 0:00:26]} Rb8 {[%emt 0:05:23]} 21. Nc5 {[%emt 0:05:27]} Rb4 {[%emt 0:03:12]} 22. Qc3 {[%emt 0:00:29]} Qa7 {[%emt 0:02:43]} 23. Rd4 {[%emt 0:09:28]} Nc7 {[%emt 0:03:48]} 24. Rxd7 {[%emt 0:09:20]} Bxd7 {[%emt 0:06:01]} 25. Nxd7 {[%emt 0:00:09]} Nb5 {[%emt 0:00:06]} 26. Nf6+ {[%emt 0:00:44]} Kh8 {[%emt 0:00:02]} 27. Qc6 {[%emt 0:02:00]} Rd8 {[%emt 0:08:43]} 28. Nd5 {[%emt 0:09:03]} Nd4 {[%emt 0:03:28]} 29. Nxb4 {[%emt 0:02:20]} Nxc6 {[%emt 0:00:56]} 30. Nxc6 {[%emt 0:00:05]} Qa6 {[%emt 0:00:03]} 0-1

[Event "XIX Najdorf Memorial 2019"]
[Site "Warsaw"]
[Date "2019.07.11"]
[Round "6.12"]
[White "Krysztofiak, Marcin"]
[Black "Harsha Bharathakoti"]
[Result "1/2-1/2"]
[WhiteElo "2382"]
[BlackElo "2486"]
[Annotator "ChessBase"]
[PlyCount "64"]
[EventDate "2019.07.06"]
[EventType "swiss"]
[EventCountry "POL"]
[SourceTitle "playchess.com"]
[Source "ChessBase"]
[SourceQuality "1"]
[TimeControl "40/5400+30:1800+30"]

1. Nf3 {[%emt 0:00:00]} d5 {[%emt 0:00:03]} 2. d4 {[%emt 0:00:00]} Nf6 {[%emt 0:00:19]} 3. c4 {[%emt 0:00:34]} e6 {[%emt 0:00:07]} 4. Bg5 {[%emt 0:00:37]} Bb4+ {[%emt 0:00:11]} 5. Nbd2 {[%emt 0:00:36]} dxc4 {[%emt 0:01:15]} 6. e3 {[%emt 0:00:39]} b5 {[%emt 0:01:26]} 7. Be2 {[%emt 0:01:15]} Nbd7 {[%emt 0:02:28]} 8. O-O {[%emt 0:01:19]} Bb7 {[%emt 0:01:31]} 9. b3 {[%emt 0:07:44]} c3 {[%emt 0:06:02]} 10. Nb1 {[%emt 0:02:28]} a6 {[%emt 0:00:54]} 11. a3 {[%emt 0:01:22]} Be7 {[%emt 0:00:07]} 12. Nxc3 {[%emt 0:01:03]} c5 {[%emt 0:02:00]} 13. dxc5 {[%emt 0:05:20]} Nxc5 {[%emt 0:08:11]} 14. b4 {[%emt 0:13:41]} Nce4 {[%emt 0:08:28]} 15. Nxe4 {[%emt 0:01:33]} Nxe4 {[%emt 0:06:34]} 16. Bxe7 {[%emt 0:15:50]} Qxe7 {[%emt 0:24:08]} 17. Qd4 {[%emt 0:04:50]} O-O {[%emt 0:00:09]} 18. Rac1 {[%emt 0:02:09]} Rfd8 {[%emt 0:03:07]} 19. Qb2 {[%emt 0:06:59]} Bd5 {[%emt 0:06:23]} 20. Ne5 {[%emt 0:07:10]} Qg5 {[%emt 0:16:03]} 21. Bf3 {[%emt 0:07:15]} f6 {[%emt 0:01:33]} 22. Nd3 {[%emt 0:02:33]} Nd2 {[%emt 0:04:48]} 23. Bxd5 {[%emt 0:00:28]} Qxd5 {[%emt 0:00:03]} 24. Qxd2 {[%emt 0:00:18]} Qxd3 {[%emt 0:00:03]} 25. Qa2 {[%emt 0:03:37]} Rd6 {[%emt 0:00:50]} 26. a4 {[%emt 0:02:50]} Rad8 {[%emt 0:03:56]} 27. h3 {[%emt 0:01:24]} h6 {[%emt 0:01:41]} 28. Rc5 {[%emt 0:03:27]} Rd5 {[%emt 0:00:22]} 29. axb5 {[%emt 0:00:44]} axb5 {[%emt 0:00:07]} 30. Rfc1 {[%emt 0:01:00]} Qe4 {[%emt 0:01:38]} 31. Qb1 {[%emt 0:03:14]} Qxb1 {[%emt 0:00:27]} 32. Rxb1 {[%emt 0:00:08]} Kf7 {[%emt 0:00:20]} 1/2-1/2

[Event "XIX Najdorf Memorial 2019"]
[Site "Warsaw"]
[Date "2019.07.11"]
[Round "6.12"]
[White "Baum, Jonasz"]
[Black "Zebracki, Tomasz"]
[Result "1-0"]
[WhiteElo "2308"]
[BlackElo "2183"]
[Annotator "NA"]
[PlyCount "101"]
[EventDate "2019.07.06"]
[EventType "swiss"]
[EventCountry "POL"]
[SourceTitle "playchess.com"]
[Source "ChessBase"]
[SourceQuality "1"]
[TimeControl "40/5400+30:1800+30"]

1. d4 {[%emt 0:00:00]} Nf6 {[%emt 0:00:00]} 2. c4 {[%emt 0:00:00]} e6 {[%emt 0:00:00]} 3. g3 {[%emt 0:00:00]} d5 {[%emt 0:01:04]} 4. Nf3 {[%emt 0:00:00]} dxc4 {[%emt 0:00:43]} 5. Bg2 {[%emt 0:00:01]} a6 {[%emt 0:00:24]} 6. O-O {[%emt 0:00:18]} Nc6 {[%emt 0:00:27]} 7. e3 {[%emt 0:00:10]} Bd7 {[%emt 0:01:05]} 8. Qe2 {[%emt 0:00:14]} Bd6 {[%emt 0:02:22]} 9. Qxc4 {[%emt 0:01:04]} O-O {[%emt 0:00:11]} 10. Nc3 {[%emt 0:01:41]} e5 {[%emt 0:01:05]} 11. dxe5 {[%emt 0:01:59]} Bxe5 {[%emt 0:05:33]} 12. Nxe5 {[%emt 0:04:09]} Nxe5 {[%emt 0:00:03]} 13. Qc5 {[%emt 0:03:36]} Nd3 {[%emt 0:24:42]} 14. Qd4 {[%emt 0:02:04]} Bc8 {[%emt 0:00:25]} 15. Rd1 {[%emt 0:04:00]} Qxd4 {[%emt 0:02:25]} 16. exd4 {[%emt 0:00:03]} Nb4 {[%emt 0:00:43]} 17. Bf4 {[%emt 0:09:22]} Be6 {[%emt 0:11:00]} 18. Bxc7 {[%emt 0:12:23]} Nfd5 {[%emt 0:00:07]} 19. Bd6 {[%emt 0:02:52]} Rfd8 {[%emt 0:01:28]} 20. Bxb4 {[%emt 0:00:20]} Nxb4 {[%emt 0:00:02]} 21. Bxb7 {[%emt 0:02:36]} Rab8 {[%emt 0:02:38]} 22. Be4 {[%emt 0:00:31]} f5 {[%emt 0:06:31]} 23. d5 {[%emt 0:10:47]} Bf7 {[%emt 0:01:21]} 24. Bxf5 {[%emt 0:00:37]} Nxd5 {[%emt 0:00:15]} 25. Nxd5 {[%emt 0:00:07]} Rxd5 {[%emt 0:00:06]} 26. Rxd5 {[%emt 0:00:13]} Bxd5 {[%emt 0:00:01]} 27. b3 {[%emt 0:00:30]} Bf3 {[%emt 0:00:31]} 28. Rc1 {[%emt 0:01:37]} Rb5 {[%emt 0:06:58]} 29. Bd3 {[%emt 0:02:35]} Rb6 {[%emt 0:00:42]} 30. Bc4+ {[%emt 0:04:09]} Kf8 {[%emt 0:00:13]} 31. Rc3 {[%emt 0:00:13]} Bb7 {[%emt 0:00:56]} 32. f3 {[%emt 0:00:59]} a5 {[%emt 0:01:05]} 33. Kf2 {[%emt 0:00:44]} a4 {[%emt 0:01:46]} 34. Rd3 {[%emt 0:00:44]} a3 {[%emt 0:00:50]} 35. Rd8+ {[%emt 0:05:04]} Ke7 {[%emt 0:00:02]} 36. Rg8 {[%emt 0:03:08]} Kf6 {[%emt 0:01:25]} 37. Rb8 {[%emt 0:00:17]} Ke5 {[%emt 0:00:25]} 38. Ke3 {[%emt 0:02:04]} h6 {[%emt 0:02:00]} 39. f4+ {[%emt 0:01:10]} Kd6 {[%emt 0:00:39]} 40. Ba6 {[%emt 0:00:00]} Rxa6 {[%emt 0:00:00]} 41. Rxb7 {[%emt 0:02:13]} g5 {[%emt 0:06:29]} 42. fxg5 {[%emt 0:00:37]} hxg5 {[%emt 0:00:11]} 43. Rb5 {[%emt 0:00:45]} Rc6 {[%emt 0:02:04]} 44. Kd2 {[%emt 0:00:23]} Kc7 {[%emt 0:02:31]} 45. Rxg5 {[%emt 0:00:15]} Rf6 {[%emt 0:00:39]} 46. Kc3 {[%emt 0:03:36]} Rf2 {[%emt 0:02:12]} 47. Kb4 {[%emt 0:00:10]} Rxa2 {[%emt 0:00:12]} 48. h4 {[%emt 0:00:13]} Ra1 {[%emt 0:00:18]} 49. h5 {[%emt 0:00:39]} a2 {[%emt 0:02:59]} 50. Ka3 {[%emt 0:00:13]} Kd6 {[%emt 0:00:33]} 51. Kb2 {[%emt 0:00:17] Kd5} 1-0

[Event "XIX Najdorf Memorial 2019"]
[Site "Warsaw"]
[Date "2019.07.11"]
[Round "6.13"]
[White "Oglaza, Oskar"]
[Black "Jarmula, Lukasz"]
[Result "1/2-1/2"]
[WhiteElo "2345"]
[BlackElo "2480"]
[Annotator "ChessBase"]
[PlyCount "59"]
[EventDate "2019.07.06"]
[EventType "swiss"]
[EventCountry "POL"]
[SourceTitle "playchess.com"]
[Source "ChessBase"]
[SourceQuality "1"]
[TimeControl "40/5400+30:1800+30"]

1. d4 {[%emt 0:00:00]} Nf6 {[%emt 0:00:36]} 2. c4 {[%emt 0:00:00]} e6 {[%emt 0:00:04]} 3. Nc3 {[%emt 0:00:00]} Bb4 {[%emt 0:00:12]} 4. Qc2 {[%emt 0:00:00]} O-O {[%emt 0:00:32]} 5. Nf3 {[%emt 0:00:04]} c5 {[%emt 0:01:43]} 6. dxc5 {[%emt 0:00:06]} Na6 {[%emt 0:00:04]} 7. g3 {[%emt 0:00:06]} Nxc5 {[%emt 0:00:04]} 8. Bg2 {[%emt 0:00:04]} Nce4 {[%emt 0:01:23]} 9. O-O {[%emt 0:00:08]} Nxc3 {[%emt 0:03:59]} 10. bxc3 {[%emt 0:00:09]} Be7 {[%emt 0:00:04]} 11. e4 {[%emt 0:00:13]} d6 {[%emt 0:00:06]} 12. e5 {[%emt 0:00:05]} dxe5 {[%emt 0:00:04]} 13. Nxe5 {[%emt 0:00:04]} Qc7 {[%emt 0:01:01]} 14. Qe2 {[%emt 0:04:07]} Bd6 {[%emt 0:01:27]} 15. Bf4 {[%emt 0:00:11]} Ne8 {[%emt 0:00:22]} 16. c5 {[%emt 0:00:36]} Qxc5 {[%emt 0:00:05]} 17. c4 {[%emt 0:00:05]} Rb8 {[%emt 0:08:21]} 18. Rab1 {[%emt 0:09:58]} f6 {[%emt 0:15:51]} 19. Nd3 {[%emt 0:02:46]} Qc7 {[%emt 0:04:12]} 20. c5 {[%emt 0:21:45]} Bxf4 {[%emt 0:00:13]} 21. Nxf4 {[%emt 0:00:04]} Qxc5 {[%emt 0:04:35]} 22. Nxe6 {[%emt 0:01:49]} Qe7 {[%emt 0:01:10]} 23. Rfe1 {[%emt 0:00:39]} Qxe6 {[%emt 0:03:55]} 24. Qxe6+ {[%emt 0:00:17]} Bxe6 {[%emt 0:00:05]} 25. Rxe6 {[%emt 0:00:08]} Rf7 {[%emt 0:07:18]} 26. Bxb7 {[%emt 0:07:25]} Rd7 {[%emt 0:00:24]} 27. Ree1 {[%emt 0:00:57]} Rbxb7 {[%emt 0:00:32]} 28. Rxb7 {[%emt 0:00:13]} Rxb7 {[%emt 0:00:04]} 29. Rxe8+ {[%emt 0:00:05]} Kf7 {[%emt 0:00:05]} 30. Re2 {[%emt 0:01:25]} 1/2-1/2

[Event "XIX Najdorf Memorial 2019"]
[Site "Warsaw"]
[Date "2019.07.11"]
[Round "6.13"]
[White "Pacan-Milej, Kosma"]
[Black "Efimenko, Zahar"]
[Result "1/2-1/2"]
[WhiteElo "2272"]
[BlackElo "2631"]
[Annotator "TA"]
[PlyCount "126"]
[EventDate "2019.07.06"]
[EventType "swiss"]
[EventCountry "POL"]
[SourceTitle "playchess.com"]
[Source "ChessBase"]
[SourceQuality "1"]

{[%evp 14,125,100,92,106,76,92,78,89,43,58,-36,0,0,0,0,0,-54,-39,-41,-46,-45,-30,-49,-26,-33,0,0,0,0,0,0,0,-16,-12,-15,-8,-8,-9,-9,-12,-3,20,-3,-7,-7,-7,-7,-4,-9,0,0,0,-110,-130,-147,-14,-14,-12,-22,-22,-8,0,0,0,0,0,0,0,-8,-8,-8,-8,-8,0,0,0,0,0,-8,-8,-8,-8,-15,-15,-15,-15,-15,-15,-15,-15,-15,-15,-15,-15,-15,0,0,0,0,0,0,0,0,0,0,0,0,0,0,0,0,0,0]} 1. d4 Nf6 2. c4 g6 3. Nc3 c5 4. d5 Bg7 5. e4 d6 6. Bd3 O-O 7. h3 e5 8. Nge2 Nbd7 {E70: King's Indian: Miscellaneous lines with 4 e4, including 5 Nge2 and 5 Bd3 0-0 6 Nge2} (8... a6 9. a4 Nbd7 10. g4 h5 11. Bg5 Qa5 12. f3 Nh7 13. Bh4 Bh6 14. gxh5 gxh5 15. Ng3 Ndf6 16. f4 Qb4 17. Nxh5 Qxb2 18. Nxf6+ Nxf6 {0-1 (32) Moiseenko,A (2707)-Malakhov,I (2441) St Petersburg 2014}) 9. Be3 a6 10. O-O Nh5 {White is better.} 11. Qd2 f5 {Strongly threatening ...f4.} 12. f4 $146 (12. Bg5 $14 Ndf6 13. exf5 gxf5 14. a4) ({Predecessor:} 12. exf5 gxf5 13. f4 exf4 14. Nxf4 Nxf4 15. Bxf4 Ne5 {1-0 (38) Maurer,F (2130)-Huss,B (2128) Flims 2012}) 12... exf4 (12... g5 $5 13. fxg5 f4 $15) 13. Nxf4 Nxf4 14. Bxf4 Ne5 15. Rae1 ({White should try} 15. Bg5 $11 Bf6 16. Bh6) 15... Nxd3 $15 16. Qxd3 g5 $1 {[%cal Rg5f4]} 17. Bd2 {[%cal Re4f5]} f4 18. Nd1 {[%cal Bc3d1,Bd1f2,Bf2d3][%mdl 32]} Bd4+ 19. Nf2 b5 20. Bc3 $1 {[%cal Rc3d4]} bxc4 21. Qxc4 a5 {...Ba6 is the strong threat.} 22. Bxd4 {Hoping for Bc3.} Ba6 23. Qc2 cxd4 ({Avoid the trap} 23... Bxf1 $2 24. Bc3 $18) 24. Nd3 Rc8 25. Qd2 Qc7 26. Rf2 Qc4 27. Rd1 Rfe8 28. Qe2 Qc7 ({Much weaker is} 28... Qxa2 {[#]} 29. Qg4 $1 $14 {[%mdl 512]}) 29. h4 h6 30. hxg5 hxg5 {[#]} 31. g3 $1 {[%mdl 512]} fxg3 32. Rf5 Re5 33. Qg4 (33. Rxe5 $1 $11 {was the only way to keep the balance.} dxe5 34. Qh5 Bxd3 35. Qxg5+ Qg7 36. Qxg7+ Kxg7 37. Rxd3) 33... Rxf5 $17 34. Qxf5 Bxd3 (34... Qh7 $17 35. Qe6+ Qf7) 35. Qxg5+ $11 {The position is equal.} Qg7 36. Qxg7+ Kxg7 37. Rxd3 {[%mdl 4096] Endgame KR-KR} Kf6 {White must now prevent ...Ke5.} 38. Rxd4 Ke5 39. Ra4 Rc2 40. Rxa5 Rxb2 41. Ra3 Kf4 42. Ra6 Kf3 {[%cal Rb2b1]} 43. Ra3+ Kg4 {aiming for ...Kh3.} 44. Ra8 Kf4 (44... Rc2 {feels hotter.} 45. Rf8 Rb2 46. Rf6 Rb1+ 47. Kg2 Rb2+) 45. Ra6 Ke5 (45... Kxe4 {seems wilder.} 46. Rxd6 Rh2 47. a4 Ra2 48. Rd8 Kf4) 46. Ra3 Kxe4 47. Rxg3 Rxa2 48. Kf1 Kxd5 49. Ke1 Kc5 50. Rc3+ Kd4 51. Rh3 d5 52. Kd1 Rf2 53. Rh4+ Ke3 54. Rh3+ Rf3 55. Rxf3+ Kxf3 {KP-K} 56. Kd2 Ke4 (56... d4 $5) 57. Ke2 Kd4 (57... d4 $5) 58. Kd2 Kc4 59. Kc2 d4 60. Kd2 d3 (60... Kb3 $5) 61. Kd1 Kc3 {( -> ...d2)} (61... Kb3 $5) 62. Kc1 d2+ 63. Kd1 Kd3 {Accuracy: White = 67%, Black = 74%.} 1/2-1/2

[Event "XIX Najdorf Memorial 2019"]
[Site "Warsaw"]
[Date "2019.07.11"]
[Round "6.14"]
[White "Gagare, Shardul"]
[Black "Kowalski, Igor"]
[Result "1/2-1/2"]
[WhiteElo "2476"]
[BlackElo "2320"]
[Annotator "ChessBase"]
[PlyCount "40"]
[EventDate "2019.07.06"]
[EventType "swiss"]
[EventCountry "POL"]
[SourceTitle "playchess.com"]
[Source "ChessBase"]
[SourceQuality "1"]
[TimeControl "40/5400+30:1800+30"]

1. Nf3 {[%emt 0:01:11]} Nf6 {[%emt 0:00:00]} 2. c4 {[%emt 0:00:13]} g6 {[%emt 0:00:00]} 3. b3 {[%emt 0:02:25]} Bg7 {[%emt 0:00:00]} 4. Bb2 {[%emt 0:00:04]} O-O {[%emt 0:02:35]} 5. g3 {[%emt 0:00:19]} b6 {[%emt 0:05:05]} 6. Bg2 {[%emt 0:00:24]} Bb7 {[%emt 0:00:04]} 7. O-O {[%emt 0:00:13]} c5 {[%emt 0:00:10]} 8. Nc3 {[%emt 0:00:46]} d6 {[%emt 0:02:03]} 9. e3 {[%emt 0:11:13]} Ne4 {[%emt 0:04:10]} 10. d4 {[%emt 0:07:57]} Nxc3 {[%emt 0:14:43]} 11. Bxc3 {[%emt 0:00:08]} Nd7 {[%emt 0:00:04]} 12. Qc2 {[%emt 0:06:49]} cxd4 {[%emt 0:01:02]} 13. Bxd4 {[%emt 0:01:02]} Rc8 {[%emt 0:03:52]} 14. Bxg7 {[%emt 0:10:40]} Kxg7 {[%emt 0:00:05]} 15. e4 {[%emt 0:00:55]} b5 {[%emt 0:02:15]} 16. Qb2+ {[%emt 0:00:13]} Kg8 {[%emt 0:00:07]} 17. cxb5 {[%emt 0:00:54]} Bxe4 {[%emt 0:00:06]} 18. Qd4 {[%emt 0:04:52]} Bxf3 {[%emt 0:01:00]} 19. Bxf3 {[%emt 0:04:08]} Rc5 {[%emt 0:00:20]} 20. a4 {[%emt 0:04:27]} Qc7 {[%emt 0:01:57]} 1/2-1/2

[Event "XIX Najdorf Memorial 2019"]
[Site "Warsaw"]
[Date "2019.07.11"]
[Round "6.14"]
[White "Terletsky, Oleg"]
[Black "Zochowski, Kacper"]
[Result "1/2-1/2"]
[WhiteElo "2408"]
[BlackElo "2251"]
[Annotator "NA"]
[PlyCount "89"]
[EventDate "2019.07.06"]
[EventType "swiss"]
[EventCountry "POL"]
[SourceTitle "playchess.com"]
[Source "ChessBase"]
[SourceQuality "1"]
[TimeControl "40/5400+30:1800+30"]

1. e4 {[%emt 0:00:00]} d6 {[%emt 0:02:29]} 2. d4 {[%emt 0:00:00]} Nf6 {[%emt 0:00:05]} 3. Nc3 {[%emt 0:00:00]} e5 {[%emt 0:00:02]} 4. Nf3 {[%emt 0:00:00]} Nbd7 {[%emt 0:00:50]} 5. Bc4 {[%emt 0:00:00]} Be7 {[%emt 0:00:13]} 6. O-O {[%emt 0:00:02]} O-O {[%emt 0:00:03]} 7. h3 {[%emt 0:00:04]} c6 {[%emt 0:01:00]} 8. a4 {[%emt 0:00:06]} a5 {[%emt 0:01:40]} 9. Re1 {[%emt 0:07:50]} exd4 {[%emt 0:02:51]} 10. Nxd4 {[%emt 0:00:35]} Nc5 {[%emt 0:00:16]} 11. Bf4 {[%emt 0:10:45]} Be6 {[%emt 0:19:24]} 12. Bf1 {[%emt 0:08:51]} d5 {[%emt 0:17:34]} 13. exd5 {[%emt 0:02:20]} Nxd5 {[%emt 0:04:31]} 14. Nxd5 {[%emt 0:00:09]} Qxd5 {[%emt 0:04:56]} 15. Nxe6 {[%emt 0:03:20]} Qxd1 {[%emt 0:07:42]} 16. Raxd1 {[%emt 0:00:59]} Nxe6 {[%emt 0:00:17]} 17. Bg3 {[%emt 0:01:19]} Bf6 {[%emt 0:02:04]} 18. c3 {[%emt 0:01:59]} Rfd8 {[%emt 0:01:26]} 19. Bc4 {[%emt 0:02:53]} Rxd1 {[%emt 0:02:03]} 20. Rxd1 {[%emt 0:00:02]} Rd8 {[%emt 0:00:40]} 21. Rxd8+ {[%emt 0:00:41]} Bxd8 {[%emt 0:00:30]} 22. Bxe6 {[%emt 0:04:53]} fxe6 {[%emt 0:00:56]} 23. Kf1 {[%emt 0:00:04]} Kf7 {[%emt 0:05:25]} 24. Be5 {[%emt 0:00:47]} b5 {[%emt 0:04:19]} 25. axb5 {[%emt 0:05:02]} cxb5 {[%emt 0:01:24]} 26. Ke2 {[%emt 0:00:06]} a4 {[%emt 0:15:40]} 27. Kd3 {[%emt 0:03:35]} Be7 {[%emt 0:01:04]} 28. Bc7 {[%emt 0:02:20]} Bc5 {[%emt 0:03:16]} 29. f3 {[%emt 0:01:57]} g6 {[%emt 0:00:06]} 30. Ba5 {[%emt 0:00:27]} Kf6 {[%emt 0:00:41]} 31. Ke4 {[%emt 0:01:21]} Bf2 {[%emt 0:01:28]} 32. Bb4 {[%emt 0:00:21]} h5 {[%emt 0:00:28]} 33. Bd6 {[%emt 0:04:41]} Bb6 {[%emt 0:00:33]} 34. g4 {[%emt 0:16:26]} Kf7 {[%emt 0:00:13]} 35. Kd3 {[%emt 0:00:46]} Ke8 {[%emt 0:00:39]} 36. c4 {[%emt 0:00:17]} Kd7 {[%emt 0:00:09]} 37. Ba3 {[%emt 0:07:00]} Kc6 {[%emt 0:00:06]} 38. cxb5+ {[%emt 0:00:14]} Kxb5 {[%emt 0:00:02]} 39. Ke4 {[%emt 0:00:38]} Kc4 {[%emt 0:00:24]} 40. Ke5 {[%emt 0:00:00]} Bd4+ {[%emt 0:00:00]} 41. Kxe6 {[%emt 0:04:33]} Kb3 {[%emt 0:02:22]} 42. gxh5 {[%emt 0:01:41]} gxh5 {[%emt 0:00:39]} 43. f4 {[%emt 0:00:30]} Bxb2 {[%emt 0:00:14]} 44. Bd6 {[%emt 0:04:33]} a3 {[%emt 0:01:36]} 45. Bxa3 {[%emt 0:00:16]} 1/2-1/2